Jewish Directors - Statistics

General Stats
  • This quiz has been taken 26 times
  • The average score is 29 of 74
Answer Stats
Films Director % Correct
"Schindler's List" "Jurassic Park" "Raiders of the Lost Ark" American 1946 Steven Spielberg
95%
"Spaceballs" "Robin Hood: Men in Tights" "Young Frankenstein" American 1926 Mel Brooks
84%
"The Shining" "2001: A Space Odyssey" "A Clockwork Orange" American 1928 Stanley Kubrick
84%
"The Big Lebowski" "No Country for Old Men" "O Brother, Where Art Thou?" American 1957 Ethan Coen
79%
"The Big Lebowski" "No Country for Old Men" "O Brother, Where Art Thou?" American 1954 Joel Coen
79%
"Stand by Me" "A Few Good Men" "The Princess Bride" American 1947 Rob Reiner
74%
"Sunset Boulevard" "The Apartment" American 1906 Billy Wilder
68%
"The Pianist" "Chinatown" "Rosemary's Baby" Polish-French 1933 Roman Polanski
68%
"Annie Hall" "Manhattan" "Midnight in Paris" American 1935 Woody Allen
68%
"Spider-Man" "Evil Dead" "Doctor Strange in the Multiverse of Madness" American 1959 Sam Raimi
63%
"The Graduate" "Who's Afraid of Virginia Woolf?" "Charlie Wilson's War" American 1931 Mike Nichols
58%
"Secret Life of Walter Mitty" "Zoolander" "Tropic Thunder" American 1965 Ben Stiller
53%
"Black Swan" "The Whale" "Requiem for a Dream" American 1969 Darren Aronofsky
53%
"Metropolis" "M" "Dr. Mabuse the Gambler" Austrian-American 1890 Fritz Lang
53%
"Transformers" "Bad Boys" "Armageddon" American 1965 Michael Bay
53%
"Casablanca" "The Adventures of Robin Hood" Hungarian-American 1886 Michael Curtiz
53%
"Skyfall" "American Beauty" "1917" British 1965 Sam Mendes
53%
"12 Angry Men" "Dog Day Afternoon" "Network" American 1924 Sidney Lumet
53%
"Ben-Hur" "The Best Years of Our Lives" German-American 1902 William Wyler
53%
"Infinity Pool" "Possesor" Canadian 1980 Brandon Cronenberg
47%
"The Fly" "A History of Violence" "Crimes of the Future" Canadian 1943 David Cronenberg
47%
"Airplane!" "The Naked Gun" "Scary Movie 3" American 1947 David Zucker
47%
"Ghostbusters" "Kindergarten Cop" "Draft Day" Canadian 1946 Ivan Reitman
47%
"Ghostbusters: Afterlife" "Up in the Air" "Juno" Canadian-American 1977 Jason Reitman
47%
"Airplane!" "Ghost" "Top Secret!" American 1950 Jerry Zucker
47%
"Star Wars: The Force Awakens" "Star Trek" "Mission Impossible III" American 1966 JJ Abrams
47%
"Heat" "Collateral" "Ferrari" American 1943 Michael Mann
47%
"The Last Picture Show" "Paper Moon" American 1939 Peter Bogdanovich
47%
"The French Connection" "The Exorcist" "To Live and Die in L.A." American 1935 William Friedkin
47%
"Airplane!" "Top Secret" "Hot Shots!" American 1944 Jim Abrahams
42%
"The Blues Brothers" "Coming to America" "An American Werewolf in London" American 1950 John Landis
42%
"Knocked Up" "The 40-Year-Old Virgin" "The King of Staten Island" American 1967 Judd Apatow
42%
"Marriage Story" "Frances Ha" "The Meyerowitz Stories" American 1969 Noah Baumbach
42%
"Superman" "The Goonies" "Lethal Weapon" American 1930 Richard Donner
42%
"Out of Africa" "The Firm" "They Shoot Horses, Don't They?" American 1934 Sydney Pollack
42%
"Thor: Ragnarok" "Jojo Rabbit" "What We Do in the Shadows" New Zealand 1975 Taika Waititi
42%
"Hereditary" "Midsommar" "Beau Is Afraid" American 1986 Ari Aster
37%
"Rain Man" "Good Morning, Vietnam" "The Alto Knights" American 1942 Barry Levinson
37%
"The Usual Suspects" "X-Men" "Bohemian Rhapsody" American 1965 Bryan Singer
37%
"When Harry Met Sally" "Sleepless in Seattle" "Julie & Julia" American 1941 Nora Ephron
37%
"All the President's Man" "Sophie's Choice" "The Pelican Brief" American 1928 Alan J. Pakula
32%
"Groundhog Day" "National Lampoon's Vacation" "Caddyshack" American 1944 Harold Ramis
32%
"Iron Man" "The Lion King" "Elf" American 1966 Jon Favreau
32%
"May December" "Carol" "Dark Waters" American 1961 Todd Haynes
32%
"Garden State" "Wish I Was Here" American 1975 Zach Braff
32%
"The Holy Mountain" "Santa Sangre" Chilean 1929 Alejandro Jodorowsky
26%
"Clueless" "Fast Times at Ridgemont High" American 1954 Amy Heckerling
26%
"Men in Black" "The Addams Family" "Wild Wild West" American 1953 Barry Sonnenfeld
26%
"Jeanne Dielman, 23 quai dur Commerce, 1080 Bruxelles" Belgian 1950 Chantal Akerman
26%
"I'm Thinking of Ending Things" "Anomalisa" "Synecdoche, New York" American 1958 Charlie Kaufman
26%
"Spring Breakers" "Kids" "The Beach Bum" American 1973 Harmony Korine
26%
"The Empire Strikes Back" "Never Say Never Again" American 1923 Irvin Kershner
26%
"Logan" "Ford v Ferrari" "A Complete Unknown" American 1963 James Mangold
26%
"The Zone of Interest" "Under the Skin" British 1965 Jonathan Glazer
26%
"Molly's Game" "The Trial of the Chicago 7" "Being the Ricardos" American 1961 Aaron Sorkin
21%
"Moneyball" "Foxcatcher" "Capote" American 1966 Bennett Miller
21%
"The Last Samurai" "Blood Diamond" "Legends of the Fall" American 1952 Edward Zwick
21%
"Cabin Fever" "Hostel" "Borderlands" American 1972 Eli Roth
21%
"The Artist" "OSS 117" French 1967 Michel Hazanavicius
21%
"The Parent Trap" "The Intern" "Something's Gotta Give" American 1949 Nancy Meyers
21%
"Irma Vep" "Cold Water" "Personal Shopper" French 1955 Olivier Assayas
21%
"Zombieland" "Venom" "Gangster Squad" American 1974 Ruben Fleischer
21%
"American History X" "Detachment" British 1952 Tony Kaye
21%
"Waltz with Bashir" "The Congress" Israeli 1962 Ari Folman
16%
"Rush Hour" "Red Dragon" "X-Men: The Last Stand" American 1969 Brett Ratner
16%
"Winter's Bone" "Leave No Trace" American 1963 Debra Granik
16%
"Bottoms" "Shiva Baby" Canadian 1995 Emma Seligman
16%
"Room" "Frank" Irish 1966 Lenny Abrahamson
16%
"Night at the Museum" "Deadpool & Wolverine" "Free Guy" Canadian-American 1968 Shawn Levy
16%
"The Naked Gun" "Popstar: Never Stop Never Stopping" "Hot Rod" American 1977 Akiva Schaffer
11%
"Oxygen" "Horns" "The Hills Have Eyes" French 1978 Alexandre Aja
11%
"The Bourne Identity" "Edge of Tomorrow" "Mr. & Mrs. Smith" American 1965 Doug Liman
11%
"Jumanji: Welcome to the Jungle" "Sex Tape" "Bad Teacher" American 1974 Jake Kasdan
11%
"Bird Box" "In a Better World" "After the Wedding" Danish 1960 Susanne Bier
11%
No matching quizzes found
Score Distribution
Percent of People with Each Score
Percentile by Number Answered
Your Score History
You have not taken this quiz